ESTRATEGIA PARA UN MUNDO LIBRE/

TRADUCCION DE: VIEW FROM THE SEVENTH FLOOR

Gardado en:
Detalles Bibliográficos
Autor Principal: Rostow, Walt Whitman (autor)
Formato: Libro
Etiquetas: Engadir etiqueta
Sen Etiquetas, Sexa o primeiro en etiquetar este rexistro!

MARC

LEADER 00000nam^a2200000^a^4500
001 000211911
005 20250521000000.0
009 20260310103437.347
035 |a 022007 
037 |a Acervo Xavier Clavigero 
082 |a 326. 0  |b ROS 
100 |a Rostow, Walt Whitman  |e (autor) 
245 1 0 |a ESTRATEGIA PARA UN MUNDO LIBRE/  |c W.W. ROSTOW; TR. ROBERTO MARCENARO BOUTELL 
264 |a BUENOS AIRES :  |b TROQUEL, S.A.,  |c 1966 
300 |a 189p. 
336 |a texto  |b txt  |2 rdacontenido 
337 |a sin mediación  |b n  |2 rdamedio 
338 |a volumen  |b nc  |2 rdasoporte 
520 |a TRADUCCION DE: VIEW FROM THE SEVENTH FLOOR 
649 |a XX 
910 |a Fondo General 
920 |a Impresos - Libros 
930 |a Colección General 
905 |a 101 
901 |a 022007  |b IT1  |c ACC  |i 022007  |u 20250521 
902 |a https://opac.biblio.iteso.mx/vufind/Record/000211911